000 00643nam a2200229Ia 4500
003 OSt
005 20221007081955.0
006 a|||||r|||| 00| 0
007 ta
008 221006b |||||||| |||| 00| 0 eng d
024 _a9,391
037 _cReference Collections
040 _aFLL
_cFLL
_beng
041 _2eng
_aeng
082 _aZ,91, N9
100 _aTrubek G. Louise Au.
_9698410
245 0 _aEducating for justice around the world
260 _aSydney
_bAshgate dartmouth Sydney
_c1999
300 _a264p
_ccm.
942 _hZ,91, N9
_cREF
_2CC
999 _c1164904
_d1164904